000 00255nam a22001097a 4500
040 _cSY
082 _a343
100 _aNA
245 _aច្បាប់ស្ដីពីជលផល
260 _aជលផលកម្ពុជា
_bNA
_c2006
942 _cKB
999 _c9683
_d9683